Statistics for Alghero–Fertilia Airport Destinations (Alghero, Italy)

Click here to take the quiz!

General Stats

  • This quiz has been taken 19 times
    (5 since last reset)
  • The average score is 25 of 30

Answer Stats

AirlineDestination% Correct
RyanairBarcelona
100%
RyanairBari
100%
RyanairBergamo
100%
RyanairBologna
100%
RyanairBordeaux
100%
RyanairCharleroi
100%
RyanairDublin
100%
easyJetGeneva
100%
ITA AirwaysGenoa
100%
RyanairLondon (Stansted)
100%
Air Europa/RyanairMadrid
100%
ITA AirwaysMilan (Linate)
100%
RyanairMilan (Malpensa)
100%
RyanairNaples
100%
RyanairPalermo
100%
RyanairPisa
100%
VoloteaTurin
100%
AeroItalia/VoloteaVerona
100%
RyanairBillund
67%
RyanairBratislava
67%
Wizz AirBucharest (Otopeni)
67%
Ryanair/Wizz AirBudapest
67%
RyanairCatania
67%
RyanairHahn
67%
RyanairKatowice
67%
RyanairPescara
67%
AeroItalia/ITA AirwaysRome (Fiumicino)
67%
RyanairCork
33%
Air MountainSion
33%
RyanairMemmingen
0%

Score Distribution

Percentile by Number Answered

Percent of People with Each Score

Your Score History

You have not taken this quiz since the last reset